00818nam a22002417a 4500003000500000005001700005008004100022010001000063011001000073035001000083040000900093082001500102100002300117245004500140260009200185300002000277490005300297650001900350650001700369700002200386711011500408830005300523CHAP20220329141059.0971013s1996 cr a r 00010 spa d a62304 a63276 a67452 cCHAP04a595.76bS400aShannon, Philip J.1 aBiología y control de Phyllophaga spp. aTurrialba, C.R. :bCentro Agronómico Tropical de Investigación y Enseñanza,c1996 a132 p.b: ilus. aCATIE. Serie técnica. Informe técnicov; 27714aColeópteros.14aPhyllophaga.0 aCarballo, Manuel.0 aSeminario-Taller Centroamericano sobre la Biología y el Control de Phyllophaga spp. (1994 : Turrialba, C.R.)0 aCATIE. Serie técnica. Informe técnicov; 277